[Event "FRA-chT Top 12"]
[Site "Brest"]
[Date "2019.05.27"]
[Round "10.7"]
[White "Marcelin, Cyril"]
[Black "Giroyan, Gary"]
[Result "0-1"]
[WhiteElo "2451"]
[BlackElo "2409"]
[PlyCount "68"]
[EventDate "2019.05.18"]
[EventType "team-tourn"]
[EventRounds "11"]
[EventCountry "FRA"]
[SourceTitle "CBM 190 Extra"]
[Source "ChessBase"]
[SourceDate "2019.07.15"]
[SourceVersion "1"]
[SourceVersionDate "2019.07.15"]
[SourceQuality "1"]
[WhiteTeam "Tours Hauts de France St Quentin"]
[BlackTeam "Cannes"]
[WhiteTeamCountry "FRA"]
[BlackTeamCountry "FRA"]

1. d4 Nf6 2. Nf3 g6 3. Nbd2 c5 4. dxc5 Qa5 5. a3 Qxc5 6. b4 Qc7 7. Bb2 Bg7 8. c4 0-0 9. g3 a5 10. Bg2 axb4 11. axb4 Rxa1 12. Qxa1 Na6 13. Qb1 d5 14. b5 Bf5 15. Qc1 Nc5 16. 0-0 dxc4 17. Qxc4 Be6 18. Qh4 Qa5 19. Ng5 h6 20. Bxf6 exf6 21. Nxe6 Nxe6 22. Ne4 Qxb5 23. Nd6 Qxe2 24. Nxb7 f5 25. Qe7 Bd4 26. Qb4 Rc8 27. Qe1 Qa2 28. Qd1 Rc2 29. Qf3 Ng5 30. Qf4 Rxf2 31. Qxf2 Bxf2+ 32. Rxf2 Qb1+ 33. Rf1 Qb6+ 34. Kh1 Ne4 0-1

[Event "FRA-chT Top 12"]
[Site "Brest"]
[Date "2019.05.26"]
[Round "9.4"]
[White "Cramling, Pia"]
[Black "Marcelin, Cyril"]
[Result "1/2-1/2"]
[WhiteElo "2454"]
[BlackElo "2451"]
[PlyCount "89"]
[EventDate "2019.05.18"]
[EventType "team-tourn"]
[EventRounds "11"]
[EventCountry "FRA"]
[SourceTitle "CBM 190 Extra"]
[Source "ChessBase"]
[SourceDate "2019.07.15"]
[SourceVersion "1"]
[SourceVersionDate "2019.07.15"]
[SourceQuality "1"]
[WhiteTeam "Monaco"]
[BlackTeam "Tours Hauts de France St Quentin"]
[WhiteTeamCountry "FRA"]
[BlackTeamCountry "FRA"]

1. c4 e5 2. Nc3 Nf6 3. Nf3 d6 4. d4 Nbd7 5. e4 g6 6. Be2 Bg7 7. 0-0 0-0 8. Qc2 Qe7 9. Be3 c6 10. Rad1 h6 11. h3 exd4 12. Bxd4 Re8 13. Rfe1 Ne5 14. Nh2 g5 15. Qd2 Be6 16. c5 Nfd7 17. cxd6 Qxd6 18. Qc1 Qf8 19. Nf1 Ng6 20. Bxg7 Qxg7 21. Bg4 Nde5 22. Ne3 Nf4 23. Qc2 h5 24. Bxe6 fxe6 25. Ne2 Rf8 26. Ng3 Rf7 27. Nc4 h4 28. Nxe5 Qxe5 29. Nf1 Raf8 30. Rd2 Nh5 31. Nh2 Nf6 32. Re3 Rg7 33. Qd1 Kh7 34. Qe2 Rff7 35. Ng4 Nxg4 36. Qxg4 Kg6 37. Qe2 Rd7 38. Red3 Rxd3 39. Rxd3 Rf7 40. Rd2 Rf4 41. f3 Rf7 42. Qd3 Kg7 43. Qd8 Qc5+ 44. Kh1 a6 45. Rd1 1/2-1/2

[Event "FRA-chT Top 12"]
[Site "Brest"]
[Date "2019.05.25"]
[Round "8.5"]
[White "Feller, Sebastien"]
[Black "Marcelin, Cyril"]
[Result "1-0"]
[WhiteElo "2587"]
[BlackElo "2451"]
[PlyCount "83"]
[EventDate "2019.05.18"]
[EventType "team-tourn"]
[EventRounds "11"]
[EventCountry "FRA"]
[SourceTitle "CBM 190 Extra"]
[Source "ChessBase"]
[SourceDate "2019.07.15"]
[SourceVersion "1"]
[SourceVersionDate "2019.07.15"]
[SourceQuality "1"]
[WhiteTeam "Metz Fischer"]
[BlackTeam "Tours Hauts de France St Quentin"]
[WhiteTeamCountry "FRA"]
[BlackTeamCountry "FRA"]

1. d4 d5 2. c4 e6 3. Nc3 a6 4. cxd5 exd5 5. Qb3 Nc6 6. Nf3 Bb4 7. a3 Ba5 8. Bg5 Nge7 9. h3 0-0 10. e3 Bf5 11. Be2 Qd7 12. Bf4 Ng6 13. Bh2 Nce7 14. 0-0 c6 15. Na4 Ra7 16. Nc5 Qc8 17. Qd1 Bc7 18. b4 Bxh2+ 19. Nxh2 Qc7 20. a4 Rfa8 21. Rc1 Nf8 22. g4 Bd7 23. f4 Re8 24. Rf2 Nc8 25. Nf1 Nd6 26. a5 Ne4 27. Nxe4 Rxe4 28. Bf3 Re7 29. Bxd5 Qd6 30. Bg2 Qxb4 31. Qd2 Qxd2 32. Rxd2 f5 33. gxf5 Bxf5 34. d5 cxd5 35. Rxd5 Bd7 36. Rd6 Kf7 37. Rb6 Be6 38. Nd2 Ke8 39. Ne4 Kd8 40. Nd6 Rc7 41. Rxc7 Kxc7 42. Ne8+ 1-0

[Event "FRA-chT Top 12"]
[Site "Brest"]
[Date "2019.05.21"]
[Round "4.5"]
[White "Barseghyan, Harutyun"]
[Black "Marcelin, Cyril"]
[Result "1-0"]
[WhiteElo "2470"]
[BlackElo "2451"]
[PlyCount "87"]
[EventDate "2019.05.18"]
[EventType "team-tourn"]
[EventRounds "11"]
[EventCountry "FRA"]
[SourceTitle "CBM 190 Extra"]
[Source "ChessBase"]
[SourceDate "2019.07.15"]
[SourceVersion "1"]
[SourceVersionDate "2019.07.15"]
[SourceQuality "1"]
[WhiteTeam "Nice Alekhine"]
[BlackTeam "Tours Hauts de France St Quentin"]
[WhiteTeamCountry "FRA"]
[BlackTeamCountry "FRA"]

1. d4 d5 2. c4 e6 3. Nf3 a6 4. Nc3 dxc4 5. e3 b5 6. a4 b4 7. Nb1 Bb7 8. Bxc4 Nf6 9. a5 Nbd7 10. Nbd2 Bd6 11. 0-0 0-0 12. Nb3 Ng4 13. h3 Bxf3 14. Qxf3 Nh2 15. Qc6 Nxf1 16. Bxf1 Ra7 17. e4 Nb8 18. Qc4 c6 19. Bd2 Rb7 20. Nc5 Bxc5 21. Qxc5 b3 22. Bc3 Qd7 23. Bc4 Rd8 24. Qg5 f6 25. Qg4 Re8 26. e5 fxe5 27. Re1 Rb5 28. dxe5 Kh8 29. Bxb5 cxb5 30. Rd1 Qc8 31. Qb4 Nc6 32. Qxb3 b4 33. Be1 Qb7 34. Rd6 Nxe5 35. Qxb4 Qxb4 36. Bxb4 Nc4 37. Rxa6 Nxb2 38. Bc3 Nd3 39. Rd6 Nc5 40. Rc6 Ne4 41. Be5 Kg8 42. a6 Ra8 43. f3 Ng5 44. f4 1-0

[Event "FRA-chT Top 12"]
[Site "Brest"]
[Date "2019.05.20"]
[Round "3.7"]
[White "Marcelin, Cyril"]
[Black "Sokolov, Andrei"]
[Result "1/2-1/2"]
[WhiteElo "2451"]
[BlackElo "2496"]
[PlyCount "97"]
[EventDate "2019.05.18"]
[EventType "team-tourn"]
[EventRounds "11"]
[EventCountry "FRA"]
[SourceTitle "CBM 190 Extra"]
[Source "ChessBase"]
[SourceDate "2019.07.15"]
[SourceVersion "1"]
[SourceVersionDate "2019.07.15"]
[SourceQuality "1"]
[WhiteTeam "Tours Hauts de France St Quentin"]
[BlackTeam "Mulhouse"]
[WhiteTeamCountry "FRA"]
[BlackTeamCountry "FRA"]

1. Nf3 Nf6 2. c4 e6 3. g3 d5 4. Bg2 dxc4 5. Qa4+ Nbd7 6. Qxc4 c5 7. Qb3 Rb8 8. d3 Bd6 9. a4 b6 10. Na3 a6 11. Nc4 Bc7 12. Bd2 0-0 13. 0-0 h6 14. Rfc1 Bb7 15. Qa3 a5 16. Bc3 Nd5 17. d4 Nxc3 18. bxc3 e5 19. dxe5 Ba6 20. Qa2 Qe7 21. Ne3 Bxe5 22. Nd5 Qe6 23. Nxe5 Nxe5 24. c4 Qd6 25. Ne3 Rfd8 26. Rd1 Qf6 27. Bd5 Nc6 28. Bxc6 Qxc6 29. Nd5 Re8 30. Qc2 Bc8 31. Ra3 Bg4 32. Rd2 Rb7 33. Re3 Be6 34. Nf4 Rbe7 35. Nxe6 Rxe6 36. Rxe6 Qxe6 37. e3 h5 38. h4 g6 39. Rd5 Qf6 40. Kg2 Kg7 41. e4 Qa1 42. f4 Qe1 43. e5 Re6 44. Rd1 Qe3 45. Qd3 Qxd3 46. Rxd3 f5 47. Rd7+ Kf8 48. Kf3 Ke8 49. Rd3 1/2-1/2